| 000 | 00000nam 2200000za 4500 |
| 001 | 9.856016 |
| 003 | CaOODSP |
| 005 | 20250403110050 |
| 007 | cr ||||||||||| |
| 008 | 180501s1988 onc #os f|0| 0 fre d |
| 040 | |aCaOODSP|bfre |
| 043 | |an-cn--- |
| 086 | 1 |aCS82-0004/1986F-PDF |
| 100 | 1 |aAvard, Denise. |
| 245 | 14|aLes enfants et les jeunes ayant une incapacité au Canada |h[ressource électronique] : |bEnquête sur la santé et les limitations d'activités, 1986 / |cpréparée par Denise Avard. |
| 260 | |a[Ottawa : |bStatistique Canada, |c1988] |
| 300 | |a99 p. |
| 500 | |aPubl. aussi en anglais sous le titre : Children and youth with disabilities in Canada: the 1986 Health and Activity Limitation Survey. |
| 500 | |aÉdition numérisée de l'imprimé [par Statistique Canada]. |
| 692 | 07|2gccst|aSondage |
| 692 | 07|2gccst|aEnfant |
| 692 | 07|2gccst|aJeunesse |
| 692 | 07|2gccst|aDéficience |
| 710 | 2 |aStatistique Canada. |
| 775 | 08|tChildren and youth with disabilities in Canada |w(CaOODSP)9.856014 |
| 856 | 40|qPDF|s53.04 Mo|uhttps://publications.gc.ca/collections/collection_2018/statcan/CS82-0004-1988-fra.pdf |
| 986 | |a82F0004F |